[Event "Bodensee-Cup 2011  17th"]
[Site "Konstanz (13.5.-15.5)"]
[Date "2011.05.13"]
[Round "1.2"]
[White "Dausch, Rene"]
[Black "Gschnitzer, Oswald Dr"]
[Result "0-1"]
[WhiteElo "2342"]
[BlackElo "2429"]
[PlyCount "82"]
[EventDate "2011.05.??"]
[EventType "team-swiss"]
[EventRounds "3"]
[EventCountry "GER"]
[WhiteTeam "Württemberg"]
[BlackTeam "Baden"]
[WhiteTeamCountry "DDR"]
[BlackTeamCountry "GER"]

1. e4 c5 2. Nf3 d6 3. Bb5+ Nc6 4. O-O Bd7 5. Re1 Nf6 6. d4 cxd4 7. Bxc6 Bxc6 8.
Qxd4 e5 9. Qd3 Be7 10. Bg5 Nd7 11. Bxe7 Qxe7 12. Nc3 Nc5 13. Qe3 O-O 14. Rad1
Rac8 15. Rd2 b5 16. Red1 b4 17. Nd5 Bxd5 18. Rxd5 Rc6 19. R1d2 Rfc8 20. g3 Ra6
21. Qe2 Rac6 22. b3 h6 23. Kg2 Qc7 24. h4 Nd7 25. R5d3 Nf6 26. Ne1 Qb7 27. Re3
Ra6 28. g4 d5 29. f3 d4 30. Red3 Rxa2 31. c4 Ra6 32. Rb2 h5 33. g5 Nd7 34. Rdd2
f6 35. Kh1 fxg5 36. hxg5 Nc5 37. Nd3 Nxd3 38. Rxd3 Rg6 39. Qg2 Qe7 40. Qh3 Rcc6
41. Rg2 Rxg5 0-1

[Event "Bodensee-Cup 2011  17th"]
[Site "Konstanz (13.5.-15.5)"]
[Date "2011.05.13"]
[Round "1.3"]
[White "Heimann, Andreas"]
[Black "Heidenfeld, Mark"]
[Result "1-0"]
[WhiteElo "2496"]
[BlackElo "2332"]
[PlyCount "71"]
[EventDate "2011.05.??"]
[EventType "team-swiss"]
[EventRounds "3"]
[EventCountry "GER"]
[WhiteTeam "Baden"]
[BlackTeam "Württemberg"]
[WhiteTeamCountry "GER"]
[BlackTeamCountry "DDR"]

1. Nf3 e6 2. c4 d5 3. g3 Nf6 4. Bg2 Bd6 5. O-O O-O 6. d4 c6 7. Nc3 Nbd7 8. Nd2
h6 9. e4 dxe4 10. Ndxe4 Nxe4 11. Nxe4 Bc7 12. Bd2 f5 13. Nc3 Nf6 14. Bf4 Bxf4
15. gxf4 Qd6 16. Qd2 Nh5 17. Ne2 b6 18. Qe3 Ba6 19. Rac1 Rac8 20. Rfe1 Rfe8 21.
Bf3 Nf6 22. c5 Qd7 23. Ng3 Nd5 24. Qe5 Nb4 25. Qd6 Red8 26. Qxd7 Rxd7 27. Rxe6
Rxd4 28. Nxf5 Rxf4 29. Ne7+ Kf7 30. Re3 Rc7 31. Nxc6 Rxc6 32. Bxc6 Nxc6 33.
cxb6 Nd4 34. Rc7+ Kf6 35. Rxa7 Rg4+ 36. Kh1 1-0

[Event "Bodensee-Cup 2011  17th"]
[Site "Konstanz (13.5.-15.5)"]
[Date "2011.05.13"]
[Round "1.4"]
[White "Braeuning, Rudolf Wilhelm"]
[Black "Pfrommer, Christoph"]
[Result "1-0"]
[WhiteElo "2370"]
[BlackElo "2321"]
[PlyCount "47"]
[EventDate "2011.05.??"]
[EventType "team-swiss"]
[EventRounds "3"]
[EventCountry "GER"]
[WhiteTeam "Württemberg"]
[BlackTeam "Baden"]
[WhiteTeamCountry "DDR"]
[BlackTeamCountry "GER"]

1. e4 c6 2. d4 d5 3. exd5 cxd5 4. c4 Nf6 5. Nc3 Nc6 6. Bg5 dxc4 7. d5 Ne5 8.
Qd4 h6 9. Bf4 Ng6 10. Bxc4 e6 11. O-O-O Nxf4 12. Qxf4 Bd6 13. Bb5+ Kf8 14. Qe3
e5 15. Nf3 Bg4 16. h3 Bxf3 17. Qxf3 g6 18. Kb1 Kg7 19. g4 Qb6 20. Bc4 Rac8 21.
Bb3 Rhe8 22. Rhe1 Bb4 23. d6 Bxd6 24. Qxf6+ 1-0

[Event "Bodensee-Cup 2011  17th"]
[Site "Konstanz (13.5.-15.5)"]
[Date "2011.05.13"]
[Round "1.5"]
[White "Raupp, Thomas"]
[Black "Strunski, Andreas"]
[Result "0-1"]
[WhiteElo "2335"]
[BlackElo "2331"]
[PlyCount "68"]
[EventDate "2011.05.??"]
[EventType "team-swiss"]
[EventRounds "3"]
[EventCountry "GER"]
[WhiteTeam "Baden"]
[BlackTeam "Württemberg"]
[WhiteTeamCountry "GER"]
[BlackTeamCountry "DDR"]

1. d4 d5 2. c4 c6 3. Nc3 Nf6 4. e3 e6 5. Nf3 Nbd7 6. Bd3 Bd6 7. O-O O-O 8. e4
dxc4 9. Bxc4 b5 10. Bb3 e5 11. Re1 Qc7 12. h3 Bb7 13. Bg5 exd4 14. Qxd4 Bc5 15.
Qd2 Rad8 16. Qf4 Qb6 17. Bh4 Rde8 18. Rad1 Nh5 19. Qg5 Nhf6 20. e5 Nd5 21. Nxd5
cxd5 22. Bxd5 Bxd5 23. Rxd5 Be7 24. Qg4 Bxh4 25. Nxh4 Nf6 26. Qd1 Nxd5 27. Qxd5
Rd8 28. Qb3 Rd2 29. Qg3 Qe6 30. Qc3 Rfd8 31. Nf3 Rd1 32. Rxd1 Rxd1+ 33. Kh2 Qc4
34. Qa5 Qf4+ 0-1

[Event "Bodensee-Cup 2011  17th"]
[Site "Konstanz (13.5.-15.5)"]
[Date "2011.05.13"]
[Round "1.6"]
[White "Jurek, Josef"]
[Black "Miltner, Arndt"]
[Result "1/2-1/2"]
[WhiteElo "2332"]
[BlackElo "2231"]
[PlyCount "86"]
[EventDate "2011.05.??"]
[EventType "team-swiss"]
[EventRounds "3"]
[EventCountry "GER"]
[WhiteTeam "Württemberg"]
[BlackTeam "Baden"]
[WhiteTeamCountry "DDR"]
[BlackTeamCountry "GER"]

1. Nf3 d6 2. d4 Nf6 3. c4 g6 4. g3 Bg7 5. Nc3 Bf5 6. Qb3 Qc8 7. Bg2 c6 8. O-O
O-O 9. Re1 Ne4 10. Nh4 Nxc3 11. Nxf5 gxf5 12. Qxc3 Nd7 13. Qd3 Nf6 14. d5 Qd7
15. Bg5 Rfe8 16. Rad1 cxd5 17. cxd5 Ng4 18. Qd2 Rac8 19. Rc1 h6 20. Bf4 Kh7 21.
Bh3 e6 22. dxe6 fxe6 23. e4 Ne5 24. Bxe5 Bxe5 25. Rxc8 Qxc8 26. f4 Qc5+ 27. Kh1
Bf6 28. exf5 e5 29. Bg2 Re7 30. fxe5 Rxe5 31. Rxe5 Qxe5 32. Bxb7 Qxb2 33. Qxb2
Bxb2 34. Kg2 Kg7 35. Kf3 Kf6 36. Kg4 Bd4 37. Be4 Bc3 38. Bd3 Bd4 39. Kf3 Bc3
40. h3 Bd2 41. Ke4 Be1 42. g4 Bg3 43. Ba6 Bf2 1/2-1/2

[Event "Bodensee-Cup 2011  17th"]
[Site "Konstanz (13.5.-15.5)"]
[Date "2011.05.13"]
[Round "1.7"]
[White "Weindl, Alfred"]
[Black "Weidemann, Joerg"]
[Result "1-0"]
[WhiteElo "2260"]
[BlackElo "2274"]
[PlyCount "143"]
[EventDate "2011.05.??"]
[EventType "team-swiss"]
[EventRounds "3"]
[EventCountry "GER"]
[WhiteTeam "Baden"]
[BlackTeam "Württemberg"]
[WhiteTeamCountry "GER"]
[BlackTeamCountry "DDR"]

1. Nf3 f5 2. d3 Nf6 3. e4 e5 4. exf5 Nc6 5. d4 e4 6. Ne5 Qe7 7. Nc4 d5 8. Ne3
Qf7 9. c4 Bb4+ 10. Nc3 O-O 11. cxd5 Nxd5 12. Bc4 Nce7 13. Qb3 c6 14. O-O Bxc3
15. bxc3 b5 16. Be2 Nxf5 17. Nxd5 cxd5 18. Ba3 Rd8 19. Qxb5 Nh4 20. Rfe1 Qg6
21. g3 Bg4 22. Bxg4 Qxg4 23. Re3 Nf3+ 24. Kg2 Ng5 25. Kh1 Rab8 26. Qe2 Nf3 27.
Kg2 Rdc8 28. Bc5 Rc6 29. Rxf3 exf3+ 30. Qxf3 Qxf3+ 31. Kxf3 Rb2 32. Kf4 Re6 33.
f3 a5 34. h4 Ree2 35. a3 Kf7 36. h5 Ke6 37. Rh1 Rb7 38. Rf1 Rf7+ 39. Kg4 Rb7
40. Kg5 Rb3 41. h6 gxh6+ 42. Kg4 Kf6 43. Rh1 Kg6 44. Rh5 Rxc3 45. Rxd5 Re6 46.
f4 Kf7 47. Rd7+ Ke8 48. Rxh7 Rg6+ 49. Kf5 Rgxg3 50. Rxh6 Kd7 51. Ra6 Rxc5+ 52.
dxc5 Rxa3 53. Kf6 Ra1 54. f5 a4 55. Kf7 a3 56. f6 a2 57. Rd6+ Kc7 58. Rd2 Kc6
59. Rc2 Kd7 60. Rg2 Kc6 61. Kg7 Kxc5 62. f7 Rf1 63. Rxa2 Rg1+ 64. Kf8 Kd6 65.
Ra7 Rg2 66. Ra1 Rg3 67. Rd1+ Kc7 68. Rd4 Rg1 69. Ke7 Re1+ 70. Kf6 Rf1+ 71. Ke6
Rf2 72. Rd5 1-0

[Event "Bodensee-Cup 2011  17th"]
[Site "Konstanz (13.5.-15.5)"]
[Date "2011.05.13"]
[Round "1.8"]
[White "Krassowizkij, Jaroslaw"]
[Black "Kiefhaber, Holger"]
[Result "1-0"]
[WhiteElo "2312"]
[BlackElo "2216"]
[PlyCount "125"]
[EventDate "2011.05.??"]
[EventType "team-swiss"]
[EventRounds "3"]
[EventCountry "GER"]
[WhiteTeam "Württemberg"]
[BlackTeam "Baden"]
[WhiteTeamCountry "DDR"]
[BlackTeamCountry "GER"]

1. d4 Nf6 2. c4 g6 3. g3 Bg7 4. Bg2 O-O 5. Nc3 d6 6. Nf3 a6 7. O-O Nc6 8. Qd3
e5 9. dxe5 dxe5 10. Qxd8 Rxd8 11. Bg5 Be6 12. Nd2 Rdc8 13. Nd5 Nd7 14. Rfd1
Rab8 15. Rac1 Kf8 16. Kf1 Nd4 17. Ne4 h6 18. Be7+ Ke8 19. Bb4 Bg4 20. Rd2 Bxe2+
21. Rxe2 Nxe2 22. Kxe2 f5 23. Nc5 Nxc5 24. Bxc5 Kf7 25. Ba7 Ra8 26. Be3 Rab8
27. Rd1 Bf8 28. Nc3 c6 29. Ba7 Ra8 30. Bb6 Ke6 31. g4 Be7 32. gxf5+ gxf5 33. c5
Rg8 34. Nd5 Bd8 35. Ne3 Bxb6 36. cxb6 Rad8 37. Bh3 Rxd1 38. Bxf5+ Kf6 39. Kxd1
Rd8+ 40. Kc2 Rd4 41. Bc8 Rb4 42. Kc3 Rxb6 43. a4 a5 44. Ng4+ Kg7 45. Nxe5 Rb4
46. Nc4 b5 47. axb5 Rxb5 48. Bd7 Rc5 49. f4 Kf6 50. Bg4 h5 51. Bh3 h4 52. Bg4
Rb5 53. h3 a4 54. Bd1 Rf5 55. Bxa4 Rxf4 56. Bxc6 Ke7 57. b4 Kd8 58. b5 Kc7 59.
Bd5 Rf2 60. b6+ Kb8 61. Ne3 Rh2 62. Bg2 Kc8 63. Kd2 1-0

[Event "Bodensee-Cup 2011  17th"]
[Site "Konstanz (13.5.-15.5)"]
[Date "2011.05.13"]
[Round "1.9"]
[White "Schneider, Bernd(60)"]
[Black "Knoedler, Dieter"]
[Result "1/2-1/2"]
[WhiteElo "2199"]
[BlackElo "2278"]
[PlyCount "105"]
[EventDate "2011.05.??"]
[EventType "team-swiss"]
[EventRounds "3"]
[EventCountry "GER"]
[WhiteTeam "Baden"]
[BlackTeam "Württemberg"]
[WhiteTeamCountry "GER"]
[BlackTeamCountry "DDR"]

1. e4 e6 2. d4 d5 3. e5 c5 4. c3 Nc6 5. Nf3 Bd7 6. a3 f6 7. Bd3 Qc7 8. exf6
Nxf6 9. O-O Bd6 10. dxc5 Bxc5 11. c4 O-O 12. cxd5 exd5 13. h3 Kh8 14. Qc2 Bb6
15. Be3 Bxe3 16. fxe3 Rae8 17. Nc3 Rxe3 18. Rae1 Rxe1 19. Rxe1 Qf4 20. Qf2 Re8
21. Rxe8+ Bxe8 22. Qc5 Bf7 23. Ne2 Qb8 24. b4 Bg8 25. Qe3 Qe8 26. Qf4 Qe7 27.
Ng3 a5 28. Nf5 Qf8 29. b5 Qc5+ 30. Kh1 Ne7 31. Nxe7 Qxe7 32. a4 Ne4 33. Kh2 Nc5
34. Bc2 Qf6 35. Qc7 b6 36. Ne5 Qf4+ 37. Kh1 Qc1+ 38. Kh2 Qxc2 39. Qxb6 Qc3 40.
Qb8 g6 41. b6 Qd4 42. Nc6 Qf6 43. b7 Nxb7 44. Qxb7 Qf4+ 45. Kg1 Qc1+ 46. Kh2
Qf4+ 47. Kh1 h5 48. Ne7 Bf7 49. Nc6 Qc1+ 50. Kh2 Qf4+ 51. Kg1 Qc1+ 52. Kh2 Qf4+
53. Kg1 1/2-1/2

[Event "Bodensee-Cup 2011  17th"]
[Site "Konstanz (13.5.-15.5)"]
[Date "2011.05.13"]
[Round "1.11"]
[White "Hirschberg, Valerian"]
[Black "Grill, Bernd"]
[Result "1-0"]
[WhiteElo "2269"]
[BlackElo "2240"]
[PlyCount "97"]
[EventDate "2011.05.??"]
[EventType "team-swiss"]
[EventRounds "3"]
[EventCountry "GER"]
[WhiteTeam "Baden"]
[BlackTeam "Württemberg"]
[WhiteTeamCountry "GER"]
[BlackTeamCountry "DDR"]

1. Nf3 d5 2. c4 c6 3. g3 Nf6 4. Bg2 Bg4 5. cxd5 cxd5 6. Ne5 Bf5 7. Qa4+ Nbd7 8.
Nc3 Be6 9. Nd3 Bf5 10. Ne5 Be6 11. Nd3 Bf5 12. Nxd5 Nxd5 13. Bxd5 Bxd3 14. exd3
Qb6 15. Bxf7+ Kxf7 16. Qxd7 g6 17. Qd5+ Qe6+ 18. Qxe6+ Kxe6 19. b3 Bg7 20. Rb1
Rac8 21. Kd1 Kf5 22. Re1 Rc7 23. Ba3 Bf6 24. Rc1 Rhc8 25. Rxc7 Rxc7 26. Re4 h5
27. Rc4 Rd7 28. Ke2 Bd4 29. Bc5 e5 30. Bxd4 exd4 31. f3 b6 32. h3 g5 33. Rc8 h4
34. gxh4 gxh4 35. Rh8 Kf4 36. Kf2 Kg5 37. Rg8+ Kf5 38. Rg4 Ke5 39. f4+ Kf5 40.
Kf3 Rc7 41. Rxh4 Rc2 42. Rh5+ Kf6 43. a4 Rxd2 44. Ke4 Rb2 45. Rh6+ Kg7 46. Rc6
Rxb3 47. Rc7+ Kf6 48. Rxa7 Rb4 49. h4 1-0

[Event "Bodensee-Cup 2011  17th"]
[Site "Konstanz (13.5.-15.5)"]
[Date "2011.05.13"]
[Round "1.12"]
[White "Zhou, Syang"]
[Black "Fiderer, Lukas"]
[Result "1/2-1/2"]
[WhiteElo "2176"]
[BlackElo "2185"]
[PlyCount "188"]
[EventDate "2011.05.??"]
[EventType "team-swiss"]
[EventRounds "3"]
[EventCountry "GER"]
[WhiteTeam "Württemberg"]
[BlackTeam "Baden"]
[WhiteTeamCountry "DDR"]
[BlackTeamCountry "GER"]

1. e4 e5 2. Nf3 Nc6 3. Bb5 Nf6 4. O-O Nxe4 5. d4 Nd6 6. dxe5 Nxb5 7. a4 Nbd4 8.
Nxd4 d5 9. exd6 Nxd4 10. Qxd4 Qxd6 11. Qe3+ Be7 12. Nc3 c6 13. Re1 Qe6 14. Qd2
Qd7 15. Qe2 Qe6 16. Qf1 Qg6 17. Bd2 Be6 18. Ne2 Qxc2 19. Bc3 O-O 20. Nd4 Qg6
21. Nxe6 fxe6 22. Qc4 Qf7 23. Qxe6 Bc5 24. Qxf7+ Rxf7 25. Re2 Raf8 26. Be1 Rf4
27. Rc1 Bb4 28. g3 Rd4 29. Bxb4 Rxb4 30. Rd1 g6 31. Kg2 Rf7 32. a5 a6 33. h4
Kg7 34. Kh3 Rb5 35. Ra1 Kf8 36. Ra4 Rff5 37. Rd4 Rbd5 38. Rb4 Rf7 39. Ra4 Rff5
40. Rb4 Rf7 41. Ra4 Rb5 42. f4 Re7 43. Rxe7 Kxe7 44. Re4+ Kd7 45. Rd4+ Ke6 46.
Re4+ Kf5 47. Rd4 Rxb2 48. h5 gxh5 49. Rd8 Kg6 50. Rd6+ Kf5 51. Rd8 Rb5 52. Rd7
c5 53. Rxh7 c4 54. Rc7 Ke4 55. Rxc4+ Kf5 56. Rc7 Rxa5 57. Rf7+ Kg6 58. Rxb7 Ra1
59. Rb6+ Kf5 60. Rh6 a5 61. Rxh5+ Kg6 62. Rb5 a4 63. Kg4 a3 64. Rb6+ Kg7 65.
Ra6 a2 66. Ra8 Kf7 67. Ra3 Kf6 68. Ra6+ Kg7 69. f5 Kf7 70. Kg5 Rg1 71. Ra7+ Kg8
72. Rxa2 Rxg3+ 73. Kf6 Rb3 74. Ra8+ Kh7 75. Re8 Rb5 76. Ke6 Rb6+ 77. Kf7 Rb7+
78. Re7 Rb8 79. f6 Kh6 80. Ra7 Rb1 81. Ke7 Rb8 82. Kf7 Rc8 83. Rd7 Rb8 84. Re7
Ra8 85. Rb7 Kh7 86. Rd7 Kh6 87. Ke6 Kg6 88. Rg7+ Kh6 89. Rd7 Kg6 90. Ke7 Rc8
91. f7 Kg7 92. Rd1 Rc7+ 93. Ke8 Rc8+ 94. Kd7 Ra8 1/2-1/2

[Event "Bodensee-Cup 2011  17th"]
[Site "Konstanz (13.5.-15.5)"]
[Date "2011.05.13"]
[Round "1.1"]
[White "Heinz, Axel(87)"]
[Black "Zueger, Beat"]
[Result "1/2-1/2"]
[WhiteElo "2446"]
[BlackElo "2402"]
[PlyCount "68"]
[EventDate "2011.05.??"]
[EventType "team-swiss"]
[EventRounds "3"]
[EventCountry "GER"]
[WhiteTeam "Bayern"]
[BlackTeam "Schweiz"]
[WhiteTeamCountry "GER"]
[BlackTeamCountry "SUI"]

1. e4 c5 2. Nf3 e6 3. d4 cxd4 4. Nxd4 a6 5. Nc3 b5 6. Bd3 Bb7 7. O-O Nc6 8.
Nxc6 Bxc6 9. Qe2 Bc5 10. e5 Bd4 11. Bf4 Qc7 12. Rfe1 Bxc3 13. bxc3 Ne7 14. Qg4
Ng6 15. Bd2 O-O 16. Qh5 Bb7 17. Re3 Qc6 18. Be4 Qxe4 19. Rxe4 Bxe4 20. Qe2 Bc6
21. Re1 f6 22. exf6 Rxf6 23. f3 Nf4 24. Qf2 Nd5 25. Qc5 Nf4 26. c4 Raf8 27.
Bxf4 Rxf4 28. Re2 Rxc4 29. Qe7 h6 30. h4 Rf7 31. Qe8+ Rf8 32. Qe7 Rf7 33. Qd6
Rf8 34. Qe7 Rf7 1/2-1/2

[Event "Bodensee-Cup 2011  17th"]
[Site "Konstanz (13.5.-15.5)"]
[Date "2011.05.13"]
[Round "1.2"]
[White "Moor, Roger"]
[Black "Fedorovsky, Michael"]
[Result "1-0"]
[WhiteElo "2401"]
[BlackElo "2381"]
[PlyCount "49"]
[EventDate "2011.05.??"]
[EventType "team-swiss"]
[EventRounds "3"]
[EventCountry "GER"]
[WhiteTeam "Schweiz"]
[BlackTeam "Bayern"]
[WhiteTeamCountry "SUI"]
[BlackTeamCountry "GER"]

1. Nf3 Nf6 2. c4 e6 3. g3 d5 4. Bg2 Be7 5. O-O O-O 6. d4 dxc4 7. Qc2 a6 8. a4
Bd7 9. Rd1 Bc6 10. Nc3 Nbd7 11. e4 b5 12. d5 exd5 13. e5 Ne8 14. Nxd5 Bxd5 15.
Rxd5 c6 16. Rd1 Qc7 17. Bf4 Nc5 18. Nd4 Nd3 19. Nxc6 Rc8 20. axb5 Nxf4 21. gxf4
Bh4 22. bxa6 Qb6 23. a7 Nc7 24. Rd6 Qc5 25. b4 1-0

[Event "Bodensee-Cup 2011  17th"]
[Site "Konstanz (13.5.-15.5)"]
[Date "2011.05.13"]
[Round "1.3"]
[White "Bayer, Bernhard"]
[Black "Moor, Olivier"]
[Result "1/2-1/2"]
[WhiteElo "2414"]
[BlackElo "2390"]
[PlyCount "74"]
[EventDate "2011.05.??"]
[EventType "team-swiss"]
[EventRounds "3"]
[EventCountry "GER"]
[WhiteTeam "Bayern"]
[BlackTeam "Schweiz"]
[WhiteTeamCountry "GER"]
[BlackTeamCountry "SUI"]

1. c4 e6 2. Nf3 d5 3. g3 Nf6 4. Bg2 Be7 5. O-O O-O 6. d4 dxc4 7. Qa4 a6 8. Qxc4
b5 9. Qc2 Bb7 10. Bf4 Nc6 11. Nc3 Nxd4 12. Nxd4 Bxg2 13. Rfd1 Bb7 14. Nxe6 Qe8
15. Nxf8 Qc6 16. f3 b4 17. Rd7 Bxf8 18. Rxc7 Qb6+ 19. Kf1 bxc3 20. Rxc3 Qe6 21.
Rc7 Bd5 22. b3 Qh3+ 23. Kg1 Be6 24. e4 Qh5 25. Rc3 h6 26. Rd1 Bb4 27. Rcd3 Ba5
28. Bc7 Bxc7 29. Qxc7 Kh7 30. Qc2 Rc8 31. Qf2 a5 32. Qe2 Rc5 33. Qf2 Rc7 34.
Rd4 Rc3 35. R4d3 Rc7 36. Rd4 Rc3 37. R4d3 Rc7 1/2-1/2

[Event "Bodensee-Cup 2011  17th"]
[Site "Konstanz (13.5.-15.5)"]
[Date "2011.05.13"]
[Round "1.4"]
[White "Sutter, Oliver"]
[Black "Jorczik, Julian"]
[Result "0-1"]
[WhiteElo "2365"]
[BlackElo "2368"]
[PlyCount "80"]
[EventDate "2011.05.??"]
[EventType "team-swiss"]
[EventRounds "3"]
[EventCountry "GER"]
[WhiteTeam "Schweiz"]
[BlackTeam "Bayern"]
[WhiteTeamCountry "SUI"]
[BlackTeamCountry "GER"]

1. d4 Nf6 2. c4 g6 3. Nc3 Bg7 4. e4 d6 5. f4 O-O 6. Nf3 Na6 7. e5 Nd7 8. Be2 c5
9. exd6 exd6 10. O-O Nf6 11. d5 Re8 12. h3 Nc7 13. a4 Na6 14. Bd3 Nb4 15. Bb1
Bd7 16. f5 gxf5 17. Bg5 h6 18. Bf4 Ne4 19. Ra3 Qf6 20. Nxe4 fxe4 21. Nd2 Qd4+
22. Be3 Qxb2 23. Rb3 Bxa4 24. Rxb2 Bxd1 25. Rxb4 cxb4 26. Rxd1 f5 27. Bc2 h5
28. Ba4 Rf8 29. Bf4 Rfd8 30. g4 hxg4 31. hxg4 e3 32. Bxe3 fxg4 33. Bf4 Rac8 34.
Bg5 Rf8 35. Be7 Bd4+ 36. Kg2 Rf2+ 37. Kg3 Be3 38. Ne4 Rf3+ 39. Kh4 Rxc4 40.
Nxd6 Rh3# 0-1

[Event "Bodensee-Cup 2011  17th"]
[Site "Konstanz (13.5.-15.5)"]
[Date "2011.05.13"]
[Round "1.5"]
[White "Raykhman, Alexander"]
[Black "Wirthensohn, Heinz"]
[Result "1/2-1/2"]
[WhiteElo "2335"]
[BlackElo "2405"]
[PlyCount "51"]
[EventDate "2011.05.??"]
[EventType "team-swiss"]
[EventRounds "3"]
[EventCountry "GER"]
[WhiteTeam "Bayern"]
[BlackTeam "Schweiz"]
[WhiteTeamCountry "GER"]
[BlackTeamCountry "SUI"]

1. d4 d5 2. c4 c6 3. Nf3 Nf6 4. Nc3 dxc4 5. a4 Na6 6. e4 Bg4 7. Bxc4 e6 8. O-O
Nb4 9. Be3 Be7 10. Qe2 O-O 11. Rfd1 Qa5 12. Rac1 Rad8 13. Bb3 Rd7 14. h3 Bxf3
15. Qxf3 Rfd8 16. Qe2 a6 17. Bc4 b5 18. axb5 axb5 19. Ra1 Qc7 20. Bb3 Qb7 21.
Ra5 Ra8 22. Rxa8+ Qxa8 23. Qf1 Qb8 24. Ra1 Bd8 25. Qe2 Bb6 26. d5 1/2-1/2

[Event "Bodensee-Cup 2011  17th"]
[Site "Konstanz (13.5.-15.5)"]
[Date "2011.05.13"]
[Round "1.6"]
[White "Gaehler, Marco"]
[Black "Pitl, Gregory"]
[Result "1/2-1/2"]
[WhiteElo "2324"]
[BlackElo "2335"]
[PlyCount "50"]
[EventDate "2011.05.??"]
[EventType "team-swiss"]
[EventRounds "3"]
[EventCountry "GER"]
[WhiteTeam "Schweiz"]
[BlackTeam "Bayern"]
[WhiteTeamCountry "SUI"]
[BlackTeamCountry "GER"]

1. e4 c5 2. Nc3 Nc6 3. Bb5 Nd4 4. Ba4 a6 5. Bb3 e6 6. Nf3 Nxf3+ 7. Qxf3 Qc7 8.
a4 Ne7 9. d3 Nc6 10. Be3 Nd4 11. Bxd4 cxd4 12. Ne2 Bb4+ 13. Kf1 Bc5 14. h4 O-O
15. g4 b6 16. h5 f6 17. Nf4 Qe5 18. Ng2 Bd6 19. Kg1 Bb7 20. Rf1 Qg5 21. Qh3 Bf4
22. Qf3 Bc7 23. Qh3 Bf4 24. Qf3 Bc7 25. Qh3 Bf4 1/2-1/2

[Event "Bodensee-Cup 2011  17th"]
[Site "Konstanz (13.5.-15.5)"]
[Date "2011.05.13"]
[Round "1.7"]
[White "Koepke, Christian"]
[Black "Carron, Julien"]
[Result "1/2-1/2"]
[WhiteElo "2337"]
[BlackElo "2361"]
[PlyCount "41"]
[EventDate "2011.05.??"]
[EventType "team-swiss"]
[EventRounds "3"]
[EventCountry "GER"]
[WhiteTeam "Bayern"]
[BlackTeam "Schweiz"]
[WhiteTeamCountry "GER"]
[BlackTeamCountry "SUI"]

1. e4 c5 2. Nc3 Nc6 3. Bb5 e6 4. Bxc6 bxc6 5. d3 d5 6. f4 Ba6 7. e5 Ne7 8. Nf3
Nf5 9. O-O h5 10. Qd2 c4 11. d4 c5 12. Ne2 cxd4 13. Nfxd4 Nxd4 14. Qxd4 Rc8 15.
Qf2 c3 16. bxc3 Bc5 17. Be3 Bxe3 18. Qxe3 Qb6 19. Qxb6 axb6 20. Kf2 Bxe2 21.
Kxe2 1/2-1/2

[Event "Bodensee-Cup 2011  17th"]
[Site "Konstanz (13.5.-15.5)"]
[Date "2011.05.13"]
[Round "1.8"]
[White "Rosenthal, Jonathan"]
[Black "Baldauf, Marco"]
[Result "1/2-1/2"]
[WhiteElo "2335"]
[BlackElo "2358"]
[PlyCount "67"]
[EventDate "2011.05.??"]
[EventType "team-swiss"]
[EventRounds "3"]
[EventCountry "GER"]
[WhiteTeam "Schweiz"]
[BlackTeam "Bayern"]
[WhiteTeamCountry "SUI"]
[BlackTeamCountry "GER"]

1. d4 d5 2. c4 c6 3. Nf3 Nf6 4. Nc3 e6 5. Qd3 dxc4 6. Qxc4 b5 7. Qd3 Bb7 8. e4
a6 9. e5 Nd5 10. Bg5 Qa5 11. Bd2 Nxc3 12. bxc3 c5 13. Be2 Nd7 14. O-O c4 15.
Qc2 Nb6 16. Ng5 Be7 17. Ne4 Na4 18. Bf3 O-O-O 19. Rfe1 Rhg8 20. Rab1 Kc7 21.
Rbc1 Kb8 22. Rb1 Bd5 23. Bd1 Ka7 24. Qc1 f5 25. Nd6 Bxd6 26. exd6 Rxd6 27. Qa3
Rd7 28. Rb4 Qc7 29. Bxa4 bxa4 30. Rxa4 Qc6 31. Rb1 Rb7 32. Rxb7+ Qxb7 33. Qc5+
Qb6 34. Qxb6+ 1/2-1/2

[Event "Bodensee-Cup 2011  17th"]
[Site "Konstanz (13.5.-15.5)"]
[Date "2011.05.13"]
[Round "1.9"]
[White "Bredl, Harald"]
[Black "Hochstrasser, Michael"]
[Result "1/2-1/2"]
[WhiteElo "2337"]
[BlackElo "2320"]
[PlyCount "35"]
[EventDate "2011.05.??"]
[EventType "team-swiss"]
[EventRounds "3"]
[EventCountry "GER"]
[WhiteTeam "Bayern"]
[BlackTeam "Schweiz"]
[WhiteTeamCountry "GER"]
[BlackTeamCountry "SUI"]

1. d4 d5 2. Nc3 Nf6 3. Bg5 Bf5 4. f3 Bg6 5. Nh3 e6 6. Nf4 c5 7. e3 cxd4 8. exd4
Qa5 9. h4 Bd6 10. Qd2 Nbd7 11. Bb5 Bxf4 12. Qxf4 O-O 13. Qd6 Qb6 14. Qxb6 Nxb6
15. O-O-O h6 16. Bf4 Rfc8 17. g4 a6 18. Bd3 1/2-1/2

[Event "Bodensee-Cup 2011  17th"]
[Site "Konstanz (13.5.-15.5)"]
[Date "2011.05.13"]
[Round "1.10"]
[White "Wyss, Jonas"]
[Black "Deglmann, Ludwig"]
[Result "1/2-1/2"]
[WhiteElo "2315"]
[BlackElo "2285"]
[PlyCount "127"]
[EventDate "2011.05.??"]
[EventType "team-swiss"]
[EventRounds "3"]
[EventCountry "GER"]
[WhiteTeam "Schweiz"]
[BlackTeam "Bayern"]
[WhiteTeamCountry "SUI"]
[BlackTeamCountry "GER"]

1. e4 e6 2. d4 d5 3. Nc3 Bb4 4. e5 c5 5. a3 Bxc3+ 6. bxc3 Qa5 7. Bd2 Qa4 8. Qg4
g6 9. Qd1 Nc6 10. Nf3 c4 11. h4 h6 12. h5 g5 13. Nh2 f5 14. exf6 Nxf6 15. Be2
Bd7 16. Ng4 Ne4 17. Bf3 Nxd2 18. Qxd2 O-O-O 19. O-O Rdf8 20. Rfe1 Rf5 21. Re3
Kb8 22. Qe2 Qa5 23. Nh2 Rhf8 24. Ng4 Rh8 25. Nh2 Rhf8 26. g3 a6 27. Ng4 Rh8 28.
Nh2 Rhf8 29. Ng4 Rh8 30. Bg2 Ka7 31. Bh3 Rff8 32. Qe1 Qa4 33. Qe2 Qa5 34. Qe1
Qa4 35. Ra2 Qa5 36. Ne5 Nxe5 37. Rxe5 Rf3 38. Bg4 Rf7 39. Bxe6 Bxe6 40. Rxe6
Rhf8 41. Re7 Qb6 42. Rxf7 Rxf7 43. Kg2 Qf6 44. Qe2 Re7 45. Qf3 Qe6 46. Ra1 Rf7
47. Re1 Qxe1 48. Qxf7 Qxc3 49. Qxd5 Qxc2 50. Qc5+ Ka8 51. Qc8+ Ka7 52. Qc5+ Ka8
53. d5 Qe4+ 54. Kh2 Qf5 55. Qxc4 Qxf2+ 56. Kh3 Qf5+ 57. Kg2 g4 58. Kg1 Qf3 59.
Qc8+ Ka7 60. Qc5+ Ka8 61. Qc8+ Ka7 62. Qc5+ Ka8 63. d6 Qd1+ 64. Kg2 1/2-1/2

[Event "Bodensee-Cup 2011  17th"]
[Site "Konstanz (13.5.-15.5)"]
[Date "2011.05.13"]
[Round "1.11"]
[White "Levushkina, Elena"]
[Black "Huss, Andreas"]
[Result "1/2-1/2"]
[WhiteElo "2304"]
[BlackElo "2305"]
[PlyCount "46"]
[EventDate "2011.05.??"]
[EventType "team-swiss"]
[EventRounds "3"]
[EventCountry "GER"]
[WhiteTeam "Bayern"]
[BlackTeam "Schweiz"]
[WhiteTeamCountry "GER"]
[BlackTeamCountry "SUI"]

1. e4 e6 2. d4 d5 3. Nd2 Nf6 4. e5 Nfd7 5. Bd3 c5 6. c3 b6 7. h4 cxd4 8. cxd4
Ba6 9. Ndf3 Bb4+ 10. Bd2 Bxd2+ 11. Qxd2 Bxd3 12. Qxd3 Nc6 13. Ne2 Rc8 14. O-O
f6 15. Nf4 fxe5 16. Nxe6 Qf6 17. Qa6 Ne7 18. Rac1 Rxc1 19. Rxc1 Qxe6 20. Rc8+
Nxc8 21. Qxc8+ Ke7 22. Qxh8 Qh6 23. dxe5 Nxe5 1/2-1/2